Zabudnutá krása

Bibliographic Details
Main Author: Vašina, Ct (Author)
Format: Article
Language:Slovak
Subjects:

MARC

LEADER 00000nab a2200000 ar4500
001 vtls010038099
003 SK-MaSNL
005 20260303045613.0
008 100113c1973 xo |r|p|||||||000 b|slo
015 |a SNBRB1973 
038 |a SNKBUCL 
040 |a SNKBUCL  |b slo  |c SNKBUCL  |e AACR2 
041 |a slo 
044 |a xo  |c SK 
080 |a 791.43  |x (437.6)  |2 1997 
100 1 |a Vašina, Ct.  |4 aut  |9 1036499 
245 1 0 |a Zabudnutá krása  |c Ct. Vašina 
630 0 7 |a Poľovníctvo v Československu (film)  |2 snkbucl  |9 1036500 
655 7 |a recenzie  |2 snkbucl  |9 21907 
773 0 |t Roľnícke noviny  |g 9.3.1973, s. 9 
852 |a SNK  |b KIS3GCP 
958 |a RC 
999 |c 1704331  |d 1706261